Tv Battle 6: The Bionic Woman vs The Bionic Woman Quiz Stats

 Plays Quiz not verified by Sporcle

Score 0/8 Timer 01:00
0 Plays Today
% Correct
Which One Is Jaime?
86.7%
Sister Jaime
86.7%
The Jailing of Jaime
80%
Long Live the King
80%
Road to Nashville
80%
Motorcycle Boogie
73.3%
Claws
60%
The Pyramid
60%

You're not logged in!

Compare scores with friends on all Sporcle quizzes.
Join for Free
OR
Log In

You Might Also Like...

Show Comments

Extras

Top Quizzes Today


Score Distribution

Your Account Isn't Verified!

In order to create a playlist on Sporcle, you need to verify the email address you used during registration. Go to your Sporcle Settings to finish the process.

Report this User

Report this user for behavior that violates our Community Guidelines.

Details: